LIBRARY & INFORMATION CENTRE, KCAET, TAVANUR

ONLINE PUBLIC ACCESS CATALOGUE (OPAC)

Statistics for management / (Record no. 1589)

MARC details
000 -LEADER
fixed length control field 00512cam a2200193ua 4500
020 ## - INTERNATIONAL STANDARD BOOK NUMBER
ISBN 81-203-0893-x
041 ## - LANGUAGE CODE
Language code of text/sound track or separate title eng
082 ## - DEWEY DECIMAL CLASSIFICATION NUMBER
Classification number 658.4033
Item number LEV/ST
100 ## - MAIN ENTRY--AUTHOR NAME
Personal name Levin, Richard.I .
245 ## - TITLE STATEMENT
Title Statistics for management /
250 ## - EDITION STATEMENT
Edition statement 6 /
260 ## - PUBLICATION, DISTRIBUTION, ETC. (IMPRINT)
Place of publication New Delhi :
Name of publisher Prentice Hall of India Pvt Ltd. ,
Year of publication 1994.
300 ## - PHYSICAL DESCRIPTION
Number of Pages 1018 ; .
700 1# - ADDED ENTRY--PERSONAL NAME
Personal name Rubin, David.S .
942 ## - ADDED ENTRY ELEMENTS (KOHA)
Koha item type Books
Holdings
Withdrawn status Lost status Damaged status Home library Current library Date acquired Full call number Accession Number Koha item type
      KAUAET KAUAET 07/04/2012 658.4033 18514 Books
free website counter